[Event "AUTO-INT-1302"]
[Site "http://www.queenalice.com/game.php?id=585998"]
[Date "2009.5.10"]
[Round "1"]
[White "Prosperidade"]
[Black "PH_gga"]
[Result "1-0"]
[WhiteElo "1565"]
[BlackElo "1474"]

1. Nf3 d5 2. d4 Bf5 3. e3 Nf6 4. c4 dxc4 5. Bxc4 Nc6 6. a3 Ng4 7. h3 Nh6 8. Nc3
e6 9. O-O Qd7 10. e4 Bg6 11. Bxh6 gxh6 12. Bb5 1-0

[Event "AUTO-INT-1302"]
[Site "http://www.queenalice.com/game.php?id=585999"]
[Date "2009.5.10"]
[Round "1"]
[White "PH_gga"]
[Black "Prosperidade"]
[Result "0-1"]
[WhiteElo "1446"]
[BlackElo "1593"]

1. e4 e5 2. Bc4 a6 3. Qf3 Nf6 4. Nc3 Nc6 5. Nd5 Be7 6. Nxe7 Qxe7 7. Nh3 Nd4 8.
Qd3 O-O 9. O-O c5 10. Ng5 d5 0-1

[Event "AUTO-INT-1302"]
[Site "http://www.queenalice.com/game.php?id=586006"]
[Date "2009.5.10"]
[Round "1"]
[White "PH_gga"]
[Black "chess_wizard"]
[Result "0-1"]
[WhiteElo "1436"]
[BlackElo "1914"]

1. e4 c5 2. e5 Nc6 3. Qh5 e6 4. d3 d6 5. exd6 Qxd6 6. Be3 Nf6 7. Qf3 Be7 8. Nc3
O-O 9. Nb5 Qd8 10. O-O-O a6 11. Nc3 Bd7 12. h4 b5 13. a3 c4 14. dxc4 Ne5 0-1

[Event "AUTO-INT-1302"]
[Site "http://www.queenalice.com/game.php?id=586007"]
[Date "2009.5.10"]
[Round "1"]
[White "chess_wizard"]
[Black "PH_gga"]
[Result "1-0"]
[WhiteElo "1906"]
[BlackElo "1476"]

1. e4 e5 2. Nf3 d6 3. Nc3 Nf6 4. Bc4 Bg4 5. O-O Nc6 6. h3 Bxf3 7. Qxf3 Nd4 8.
Qd1 a5 9. Ne2 Nxe2+ 10. Qxe2 c5 11. a3 a4 12. d3 d5 13. exd5 Nxd5 14. Qxe5+ Qe7
15. Qxd5 1-0

[Event "AUTO-OPEN-1547"]
[Site "http://www.queenalice.com/game.php?id=586055"]
[Date "2009.5.10"]
[Round "1"]
[White "whyBish"]
[Black "PH_gga"]
[Result "1-0"]
[WhiteElo "2140"]
[BlackElo "1450"]

1. f4 d5 2. Nf3 d4 3. b3 Na6 4. Bb2 c5 5. g3 Bf5 6. Na3 Nb4 7. Bg2 a6 8. c3 dxc3
9. Bxc3 Nd5 10. Bb2 b5 11. O-O e6 12. Re1 b4 13. Nc4 Ngf6 14. Nfe5 Ng4 15. e4
Bg6 16. Nxg6 hxg6 17. exd5 Rh5 18. Qxg4 f5 19. Qxg6+ Kd7 20. dxe6+ 1-0

[Event "AUTO-OPEN-1547"]
[Site "http://www.queenalice.com/game.php?id=586056"]
[Date "2009.5.10"]
[Round "1"]
[White "PH_gga"]
[Black "whyBish"]
[Result "0-1"]
[WhiteElo "1448"]
[BlackElo "2141"]

1. e4 c5 2. Bc4 Nc6 3. Qf3 Ne5 4. Qc3 Nxc4 5. Qxc4 e6 6. e5 d5 7. Qb5+ Qd7 8.
Qxc5 Bxc5 9. Nc3 f6 10. exf6 Nxf6 11. d3 O-O 12. Nf3 d4 13. Ne4 Nxe4 14. dxe4
Rxf3 15. gxf3 Bb4+ 16. Bd2 Bxd2+ 17. Kxd2 Qb5 18. b3 Qb4+ 19. Kd3 Qc3+ 20. Ke2
Qxc2+ 21. Kf1 e5 22. Kg2 Bd7 23. Rhc1 Qd3 0-1

[Event "AUTO-OPEN-1547"]
[Site "http://www.queenalice.com/game.php?id=586083"]
[Date "2009.5.10"]
[Round "1"]
[White "Ferdyrojo"]
[Black "PH_gga"]
[Result "1-0"]
[WhiteElo "2136"]
[BlackElo "1466"]

1. e4 e5 2. Nf3 Qf6 3. Nc3 Bc5 4. Bc4 Ne7 5. O-O h6 6. d4 exd4 7. e5 Qg6 8. Nxd4
d5 9. Bd3 Qg5 10. Bxg5 Bxd4 11. Bxe7 Kxe7 12. Nxd5+ Kd7 13. Qg4+ Kc6 14. Qe4
Bxb2 15. Qc4+ Kd7 16. Qxc7+ Ke6 17. Qd6# 1-0

[Event "AUTO-OPEN-1547"]
[Site "http://www.queenalice.com/game.php?id=586084"]
[Date "2009.5.10"]
[Round "1"]
[White "PH_gga"]
[Black "Ferdyrojo"]
[Result "0-1"]
[WhiteElo "1371"]
[BlackElo "2074"]

1. e4 c6 2. d4 d5 3. e5 Bf5 4. Nf3 Nd7 5. Bd3 Bxd3 6. Qxd3 e6 7. Ng5 c5 8. dxc5
Nxe5 9. Qb5+ Qd7 10. Qb4 Rc8 11. Qd4 f6 12. Nc3 Bxc5 13. Qh4 fxg5 14. Qxg5 Ng6
15. O-O Nf6 16. Re1 O-O 17. Be3 Bxe3 18. Rxe3 Rc4 19. b3 Rg4 20. Qxg4 Nxg4 21.
Rg3 Nxf2 0-1

[Event "AUTO-OPEN-1547"]
[Site "http://www.queenalice.com/game.php?id=586101"]
[Date "2009.5.10"]
[Round "1"]
[White "Vetao"]
[Black "PH_gga"]
[Result "1-0"]
[WhiteElo "1796"]
[BlackElo "1458"]

1. e4 e5 2. Qf3 Bc5 3. Bc4 Qf6 4. Nh3 Qxf3 5. gxf3 Nf6 6. Ng5 O-O 7. d3 Re8 8.
Bxf7+ Kf8 9. Bxe8 Kxe8 10. Nc3 h6 11. Nh3 d6 12. Ng1 Be6 13. Bd2 Na6 14. a3 c6
15. Nge2 g5 16. h4 b5 17. Be3 Bxe3 18. fxe3 b4 19. axb4 Nxb4 20. O-O-O gxh4 21.
Rxh4 a5 22. Rxh6 Ke7 23. Rg1 Rg8 24. Rxg8 Nxg8 25. Rh7+ 1-0

[Event "AUTO-OPEN-1547"]
[Site "http://www.queenalice.com/game.php?id=586102"]
[Date "2009.5.10"]
[Round "1"]
[White "PH_gga"]
[Black "Vetao"]
[Result "0-1"]
[WhiteElo "1456"]
[BlackElo "1798"]

1. e4 e5 2. Bc4 d6 3. Qf3 Nh6 4. d3 g5 5. h3 Be6 6. Bxe6 fxe6 7. Qh5+ Nf7 8. Nc3
Nd7 9. Nf3 Nf6 10. Qh4 gxh4 11. Nxh4 Nh5 12. Be3 Qxh4 13. Nb5 Qe7 14. Nxa7 Qd7
15. a4 c5 16. Nb5 Be7 17. O-O-O Rxa4 18. Nc3 Ra5 19. b3 b5 20. g4 Nf4 21. Bxf4
exf4 22. f3 b4 23. Na4 Bf6 24. c4 e5 0-1

[Event "AUTO-OPEN-1552"]
[Site "http://www.queenalice.com/game.php?id=587945"]
[Date "2009.5.14"]
[Round "1"]
[White "AG1"]
[Black "PH_gga"]
[Result "1-0"]
[WhiteElo "1812"]
[BlackElo "1365"]

1. e4 e5 2. Nf3 Bd6 3. Nc3 Nf6 4. d4 Ng4 5. dxe5 Nxe5 6. Nxe5 Bxe5 7. Bd2 O-O 8.
Bc4 a6 9. Qf3 d6 10. O-O-O c5 11. Bd5 Nc6 12. Bf4 Bxf4+ 13. Qxf4 Nb4 14. a3 Nxd5
15. Rxd5 Qf6 16. Qxf6 gxf6 17. Rxd6 Kg7 18. Nd5 1-0

[Event "AUTO-OPEN-1552"]
[Site "http://www.queenalice.com/game.php?id=587946"]
[Date "2009.5.14"]
[Round "1"]
[White "PH_gga"]
[Black "AG1"]
[Result "0-1"]
[WhiteElo "1363"]
[BlackElo "1814"]

1. e4 e5 2. Nc3 Nc6 3. Nf3 Nf6 4. Ng5 h6 5. Nh3 d6 6. Bc4 Bxh3 7. gxh3 Be7 8. d3
a6 9. Nd5 Na5 10. Nxf6+ Bxf6 11. Qf3 Nxc4 12. dxc4 Qd7 13. Be3 c5 14. O-O-O Qe6
15. b3 b5 16. cxb5 axb5 17. Kd2 Rxa2 0-1

[Event "AUTO-OPEN-1552"]
[Site "http://www.queenalice.com/game.php?id=587973"]
[Date "2009.5.14"]
[Round "1"]
[White "PapaChess"]
[Black "PH_gga"]
[Result "1-0"]
[WhiteElo "2084"]
[BlackElo "1462"]

1. c4 e5 2. Nf3 e4 3. Nd4 d5 4. cxd5 Qxd5 5. e3 Nc6 6. Nc3 Qg5 7. Nxc6 bxc6 8.
Nxe4 Qf5 9. Ng3 Qa5 10. Qc2 c5 11. Bc4 Bd7 12. Qe4+ Be7 13. Qxa8+ Bd8 14. Qd5
Be6 15. Qc6+ 1-0

[Event "AUTO-OPEN-1552"]
[Site "http://www.queenalice.com/game.php?id=587974"]
[Date "2009.5.14"]
[Round "1"]
[White "PH_gga"]
[Black "PapaChess"]
[Result "0-1"]
[WhiteElo "1460"]
[BlackElo "2086"]

1. e4 c5 2. Bc4 a6 3. Qf3 e6 4. e5 Nc6 5. Qxf7+ Kxf7 6. Nf3 b5 7. Be2 g6 8. d3
h6 9. Be3 Qc7 10. O-O Nxe5 11. Nxe5+ Qxe5 12. c3 Nf6 13. Na3 Bb7 14. Bf3 Bxf3
15. gxf3 Qf5 0-1

[Event "AUTO-OPEN-1552"]
[Site "http://www.queenalice.com/game.php?id=587993"]
[Date "2009.5.14"]
[Round "1"]
[White "PH_gga"]
[Black "alexsoncini"]
[Result "0-1"]
[WhiteElo "1369"]
[BlackElo "2038"]

1. e4 e5 2. Qf3 Qf6 3. Bc4 Nc6 4. d3 Nd4 5. Qxf6 Nxf6 6. Kd2 b5 7. Bd5 c6 8. Bb3
Bb4+ 9. Nc3 Ng4 10. Nh3 h6 11. f3 Nf6 12. a3 Nxb3+ 13. cxb3 Bc5 14. b4 Bd4 15.
Kc2 d6 16. g4 Nh7 17. Ne2 Bb6 18. b3 Ng5 19. Nxg5 hxg5 20. Bxg5 f6 0-1

[Event "AUTO-OPEN-1552"]
[Site "http://www.queenalice.com/game.php?id=587994"]
[Date "2009.5.14"]
[Round "1"]
[White "alexsoncini"]
[Black "PH_gga"]
[Result "1-0"]
[WhiteElo "2040"]
[BlackElo "1367"]

1. d4 d5 2. e3 h6 3. c4 dxc4 4. Bxc4 c6 5. Qb3 e6 6. Nf3 Bd6 7. Nbd2 b5 8. Bd3
a5 9. Ne4 a4 10. Nxd6+ Qxd6 11. Qc2 Nf6 12. Bd2 h5 13. e4 Ng4 14. e5 Qd7 15. h3
Nh6 16. Bxh6 Rxh6 17. Rc1 Qd5 18. a3 h4 19. Be4 Qd8 20. Bxc6+ 1-0

[Event "AUTO-INT-1308"]
[Site "http://www.queenalice.com/game.php?id=588312"]
[Date "2009.5.14"]
[Round "1"]
[White "robinud"]
[Black "PH_gga"]
[Result "1-0"]
[WhiteElo "1642"]
[BlackElo "1411"]

1. e4 e5 2. Nf3 Qf6 3. Bc4 Bc5 4. c3 d6 5. b4 Bb6 6. d4 exd4 7. cxd4 Ne7 8. Bg5
Qg6 9. Bd3 O-O 10. e5 Qh5 11. O-O Bxd4 12. Nxd4 Qxg5 13. e6 1-0

[Event "AUTO-INT-1308"]
[Site "http://www.queenalice.com/game.php?id=588313"]
[Date "2009.5.14"]
[Round "1"]
[White "PH_gga"]
[Black "robinud"]
[Result "0-1"]
[WhiteElo "1418"]
[BlackElo "1635"]

1. e4 e5 2. Nf3 Nc6 3. Nc3 Bc5 4. Bc4 h6 5. O-O Nf6 6. Nd5 Nxd5 7. Bxd5 Qf6 8.
d3 Ne7 9. Be3 Bxe3 10. fxe3 c6 11. Bc4 O-O 12. d4 exd4 0-1

[Event "AUTO-INT-1308"]
[Site "http://www.queenalice.com/game.php?id=588328"]
[Date "2009.5.14"]
[Round "1"]
[White "PH_gga"]
[Black "Garzhvog"]
[Result "0-1"]
[WhiteElo "1454"]
[BlackElo "1906"]

1. e4 c6 2. e5 d5 3. d4 Bf5 4. Bd3 Bxd3 5. Qxd3 e6 6. Nh3 Nd7 7. O-O Ne7 8. Bg5
h6 9. Bxe7 Bxe7 10. Nc3 a6 11. a4 Bb4 12. b3 O-O 13. Nf4 c5 14. dxc5 Bxc5 15. a5
Nxe5 16. Qg3 Bd6 17. Nh5 Ng6 18. Qe3 Qh4 19. Ng3 Rac8 20. h3 Bc5 0-1

[Event "AUTO-INT-1308"]
[Site "http://www.queenalice.com/game.php?id=588329"]
[Date "2009.5.14"]
[Round "1"]
[White "Garzhvog"]
[Black "PH_gga"]
[Result "1-0"]
[WhiteElo "1908"]
[BlackElo "1452"]

1. e4 e5 2. Nf3 Nc6 3. Bb5 Bc5 4. Nxe5 Nxe5 5. d4 Bxd4 6. Qxd4 Qe7 7. O-O Nf6 8.
Nc3 O-O 9. Bg5 Nc6 10. Bxc6 dxc6 11. e5 c5 12. Qf4 h6 13. exf6 gxf6 14. Bxf6
Qxf6 15. Qxf6 h5 16. Ne4 Be6 17. Ng5 Rfd8 18. Rfe1 Rd2 19. Rxe6 fxe6 20. Qf7+
1-0

[Event "AUTO-INT-1308"]
[Site "http://www.queenalice.com/game.php?id=588330"]
[Date "2009.5.14"]
[Round "1"]
[White "PH_gga"]
[Black "Kuroi"]
[Result "0-1"]
[WhiteElo "1397"]
[BlackElo "1624"]

1. e4 e5 2. d4 d6 3. dxe5 dxe5 4. Nf3 Nf6 5. Nxe5 Qe7 6. Qd4 c5 7. Qa4+ Nfd7 8.
Nxd7 Bxd7 9. Qc4 b5 10. Qb3 Qxe4+ 11. Qe3 Qxe3+ 12. fxe3 Be7 13. Bd2 a5 14. b3
O-O 15. Nc3 b4 16. Nd5 Bh4+ 17. g3 Bf6 18. Nxf6+ gxf6 19. h4 Bf5 0-1

[Event "AUTO-INT-1308"]
[Site "http://www.queenalice.com/game.php?id=588331"]
[Date "2009.5.14"]
[Round "1"]
[White "Kuroi"]
[Black "PH_gga"]
[Result "1-0"]
[WhiteElo "1617"]
[BlackElo "1404"]

1. e4 e5 2. Qh5 Qf6 3. Nc3 Bc5 4. Nf3 g6 5. Qxe5+ Qxe5 6. Nxe5 d6 7. Nd5 Na6 8.
Bxa6 bxa6 9. Nxc7+ Ke7 10. Nxa8 dxe5 11. Nc7 Nf6 12. Nd5+ Nxd5 13. exd5 f5 14.
d3 Kd6 15. c4 f4 16. f3 a5 17. a4 Bb4+ 18. Bd2 Bxd2+ 19. Kxd2 h5 20. h4 1-0

[Event "Challenge"]
[Site "http://www.queenalice.com/game.php?id=588940"]
[Date "2009.5.16"]
[Round "-"]
[White "PH_gga"]
[Black "jpcamilo"]
[Result "0-1"]
[WhiteElo "1361"]
[BlackElo "1469"]

1. e4 e5 2. Nc3 Nc6 3. Nf3 Nf6 4. Ng5 h6 5. Nh3 Bc5 6. d3 d6 7. Qf3 O-O 8. Qg3
Bg4 9. f3 Nh5 10. Qxg4 g6 11. f4 exf4 12. Nxf4 Nxf4 13. Qxf4 Nd4 14. Kd2 Kg7 15.
Nd5 Ne6 16. Qf3 Qg5+ 17. Ke1 Qh4+ 18. g3 Qd8 19. h4 Nd4 20. Qd1 c6 21. Nc3 Qf6
22. Bf4 Rae8 0-1